The Woman Who Disappeared /

保存先:
書誌詳細
第一著者: Prowse, Philip (autor)
フォーマット: 図書
言語:英語
出版事項: Oxford, Inglaterra : Heinemann, 1992, c1975
シリーズ:(Heinemann Guided Readers. Intermediate Level)
主題:
タグ: タグ追加
タグなし, このレコードへの初めてのタグを付けませんか!

MARC

LEADER 00000nam^a2200000^a^4500
001 000259871
005 20250521000000.0
009 20260526133555.331
020 |a 0-435-27245-4 
037 |a Acervo Xavier Clavigero 
041 |a ING 
082 |a 425.  |b HEI S. 2 V. 1 
100 |a Prowse, Philip  |e (autor) 
245 1 4 |a The Woman Who Disappeared /  |c P. Prowse. 
264 4 |a Oxford, Inglaterra :  |b Heinemann,  |c 1992, c1975 
300 |a 63 p. +  |e 1 audiocasete (sin dato de duración) 
336 |a texto  |b txt  |2 rdacontenido 
337 |a sin mediación  |b n  |2 rdamedio 
338 |a volumen  |b nc  |2 rdasoporte 
440 1 |a (Heinemann Guided Readers.  |p Intermediate Level) 
649 |a XX 
650 |a Inglés como Lengua Extranjera -  |x Estudio y Enseñanza -  |x Tema Principal 
650 |a Inglés -  |x Estudio y Enseñanza 
650 |a Cuentos Ingleses 
650 |a Literatura Inglesa -  |y Siglo XX 
650 |a Literatura Policíaca y de Misterio -  |z Inglaterra 
910 |a Fondo General 
920 |a Impresos - Libros 
930 |a Colección General 
905 |a 101 
901 |a 0500097098  |b IT1  |c ACC  |u 20250521 
902 |a https://opac.biblio.iteso.mx/vufind/Record/000259871